| 000 | 00530nam a22001817a 4500 | ||
|---|---|---|---|
| 005 | 20231130062350.0 | ||
| 008 | 231130b |||||||| |||| 00| 0 eng d | ||
| 020 | _a0409029327 | ||
| 041 | _aAfrikaans | ||
| 082 | _a340.02 JCN | ||
| 100 |
_aNoster, JC _lAfrikaans |
||
| 245 |
_a'n Feesbundel / _cJC Noster |
||
| 250 | _aEerste Uitgawe | ||
| 260 |
_aDurban : _bButterworth en Kie. Edms Bpk, _c1979 |
||
| 300 |
_bx, 182 pages ; _c26 cm. |
||
| 650 |
_aLegal practice _bLaw |
||
| 942 |
_cBK _6ALISON_BN_VRIES |
||
| 999 |
_c1068 _d1068 |
||